000 00644cam a2200205 4500
008 081223s1997 cr a 000 0 spa u
020 _a9977646279
035 _aa476751
100 1 _aOliva Medina, Mario
245 1 0 _aMovimientos Sociales en Casta Rica (1825-1930) /
_cMario Oliva Medina.
250 _a1a ed.
260 _aCosta Rica :
_bEUNED,
_c1997
300 _aX, 80 p. :
_bil. ;
_c 27 cm.
440 0 _aNuestra Historia
_v13
504 _aIncluye bibliografías
650 7 _aMovimientos Sociales
_zCosta Rica
_xHistoria
_2LIBRUNAM
651 7 _aCosta Rica
_xCondiciones Sociales
942 _2lcc
_cLIB
999 _c67690
_d67690